| 000 | 00910nas a22002057a 4500 | ||
|---|---|---|---|
| 003 | NALT | ||
| 005 | 20211103151830.0 | ||
| 008 | 170829b th ||||| |||| 00| 0 tha d | ||
| 022 | _a08591652 | ||
| 040 | _aNALT | ||
| 041 | 0 | _atha | |
| 245 | 1 | 0 | _aเส้นทางเศรษฐี |
| 260 | 3 |
_aกรุงเทพฯ : _bบริษัท มติชน จำกัด (มหาชน) |
|
| 310 | _aรายปักษ์ | ||
| 500 | _aหยุดผลิตฉบับพิมพ์และปิดตัว ฉบับสุดท้ายคือ ปีที่ 25 ฉบับที่ 448 ปักษ์แรก 1 ม.ค. 2563 | ||
| 850 | _aNALT | ||
| 866 | 3 | 1 | _aปีที่ 25 ฉบับที่ 438-447 (มี.ค.-ธ.ค. 2562), ปีที่ 25 ฉบับที่ 448 (ม.ค. 2563) |
| 942 |
_cJNR _2lcc _05 |
||
| 998 |
_bjintana.i _d2017-05-08 15:10:37.600 _j755 _k จินตนา เอี่ยมคง |
||
| 999 |
_c91951 _d91951 |
||